Chemistry 15 Years' Solved Papers and Practice Questions For Jee Mainand Advanced 2004-2018/ (Record no. 192852)

MARC details
000 -LEADER
fixed length control field 02108nam a22001697a 4500
005 - DATE AND TIME OF LATEST TRANSACTION
control field 20221007103815.0
010 ## - LCCN (DPL NO)
LC control number ENG-135331
020 ## - INTERNATIONAL STANDARD BOOK NUMBER
International Standard Book Number 9789352835133
Terms of availability 425.00
035 ## - SYSTEM CONTROL NUMBER
System control number EN-118863
037 ## - SOURCE OF ACQUISITION
Source of stock number/acquisition DBAD/PUB
082 ## - DEWEY DECIMAL CLASSIFICATION NUMBER
Classification number 540
245 ## - TITLE STATEMENT
Title Chemistry 15 Years' Solved Papers and Practice Questions For Jee Mainand Advanced 2004-2018/
260 ## - PUBLICATION, DISTRIBUTION, ETC. (IMPRINT)
Place of publication, distribution, etc New Delhi
Name of publisher, distributor, etc S.Chand and Company Limited
Date of publication, distribution, etc 2019
270 ## - ADDRESS
Address 7361, Ram Nagar, Qutab Road
City New Delhi
Postal code 110055
Electronic mail address info@schandpublishing.com
300 ## - PHYSICAL DESCRIPTION
Extent vp.
Dimensions 27cm(pbk)
942 ## - ADDED ENTRY ELEMENTS (KOHA)
Source of classification or shelving scheme Dewey Decimal Classification
Item type English Books
Call number suffix CHE
Classification part 540
Holdings
Withdrawn status Lost status Not for loan Collection code Home library Current library Date acquired Source of acquisition Cost, normal purchase price Full call number Barcode Copy number Cost, replacement price Koha item type
      Non-fiction Community Library Lodhi Road Community Library Lodhi Road 07/10/2022 DBAD/PUB 425.00 540 CHE EN-118863 1 425.00 English Books

© Delhi Public Library
Hit Counter
free hit counter